000 00320cam a22000977a 4500
008 180718b1965 xxu||||| |||| 00| 0 eng d
082 _aNI04x73 Un3
245 _aReport of the committee on the economic impact of defence and disarmament
260 _aWashington, D.C.
_bU.S. government printing office
_c1965
300 _a92p.
999 _c493802
_d493802